|
|
|
แสดงรายละเอียดบรรณานุกรม |
|
|
Brief Record
: Get Marc (ISO 2709)
: E-mail record
: |
|
|
| LEADER 00000nam 2200000uu 4500 | |||
| 001 47723 | |||
| 003 ULIBM | |||
| 008 150213s2557||||th 000 0 tha d | |||
| 020 ^a9786160419845 | |||
| 082 0 ^a959.6^bฮ-อ ล.1 | |||
| 100 0 ^aฮง, แจชอล | |||
| 245 00 ^aเอาชีวิตรอดในนครวัด เล่ม 1 /^cฮง, แจชอล,เขียน;^cวลี จิตจำรัสรัตน์,แปล | |||
| 250 ^aพิมพ์คร้้งที่ 1 | |||
| 260 ^aกรุงเทพฯ :^bนานมีบุ๊คส์พับลิเคชั่นส์,^c2557 | |||
| 300 ^a189 หน้า:^bภาพประกอบ;^c14ซม. : 165 บาท | |||
| 650 0 ^aกัมพูชา^xประวัติศาสตร์ | |||
| 700 0 ^aรยู, กีอุน | |||
| 700 0 ^aวลี จิตจำรัสรัตน์,^eผู้แปล | |||
| 999 ^aกัลยา เตชะ | |||
| คุณยังไม่ได้ล็อกอิน คุณสามารถมีกิจกรรมร่วมกับเว็บไซต์ได้ แต่ต้องล็อกอินก่อน :: |
|
| สถานะ | |||||||||
| 1. | หนังสือ | 959.6 ฮ-อ ล.1 2557 Barcode: 081552 | ►หนังสือทั่วไป | On Shelf ขอยืม | |||||
| [แสดง 1/1 รายการ] | |||||||||

| รายการใกล้เคียง ผู้แต่ง [ฮง, แจชอล] หัวเรื่อง [กัมพูชา ประวัติศาสตร์] |
BibComment |
| คอมเมนท์ทรัพยากรรายการนี้ |
|
|
ห้องสมุดโรงเรียนสามัคคีวิทยาคม
159 ถ.บรรพปราการ ต.เวียง อ.เมือง จ.เชียงราย 57000
โทร. 053-711018 โทรสาร 053-713003